000 00532nam a2200181Ia 4500
008 090123s9999 xx 000 0 und d
082 _b4314
100 _aमहाजन जगन्नाथ
245 _aजादुचा गालिचा
250 _a0
260 _c1976
300 _a32
600 _aमहाजन जगन्नाथ
630 _aजादुचा गालिचा
700 _aमहाजन जगन्नाथ
730 _aजादुचा गालिचा
942 _cBOOK
999 _c42389
_d42389